00666 2200277 4500001002100000005001500021035002000036007000300056040001700059100002000076245004900096250001000145300003000155020002200185041000800207082000800215084002000223090001400243264004400257336001500301337001300316338001500329650001200344850001000356990002200366INLIS00000000001419920260526080651 a0010-0526000049ta aSBPUPADbind aSlamet Riyanto: aKupas Tuntas Web Responsif /cSlamet Riyanto aCet.1 a228 hlm :billus ;c11 cm a978-602-02-3567-7 bind a005 2[23]a005 SLA k a005 SLA k aJakarta :bElex Media Komputindo,c2014 2rdacontent 2rdamedia 2rdacarrier aprogram aPUPAD a39.457/S/DPK/2025